000 00525nam a2200169 4500
001 145108
003 ES-MaACL
005 20230906201150.0
007 t|
008 070214s1962 sp r ||||1| spa d
100 1 _aSoto Hidalgo, Joaquín del.
_9107520
245 1 3 _aEl nuevo orden económico /
_cJoaquín del Soto Hidalgo.
250 _a2ª. ed.
260 _aMadrid :
_b[s. n.],
_c1962 (
_fImp. Instituto Geográfico y Catastral)
300 _a117 p. :
_b`retr. aut.` ;
_c24 cm.
852 _aES-MaACL
_jC-21886
_bR.50147
999 _c145108
_d145108